LEADER 01685nam a2200289 u 4500 001 000000113041 003 CaOOAMICUS 005 20120126100228.0 008 080730s2007 it u000 u ita r 020 $a88-14-13367-0 040 $aPUL$bita$dLDB 100 1 $aPacillo, Vincenzo.$0(OLS)http://pul/name/69682 245 12$aI delitti contro le confessioni religiose dopo la legge 24 febbraio 2006, n. 85 :$bproblemi e prospettive di comparazione /$cVincenzo Pacillo. 260 $aMilano :$bA. Giuffrè,$c2007. 300 $aix, 196 p. ;$c24 cm 490 1 $aCollana del Dipartimento di scienze giuridiche e della Facoltà di giurisprudenza dell'Università di Modena e Reggio Emilia.$aNuova serie ;$v075 504 $aBibliografia in nota. 650 4$aLibertà religiosa (diritto)$zItalia.$0(OLS)http://pul/subject/34754 830 0$aCollana del Dipartimento di scienze giuridiche e della Facoltà di giurisprudenza dell'Università di Modena e Reggio Emilia.$pNuova serie ;$v075.$0(OLS)http://pul/title/142056 850 $aPUL 852 $aPUL$W1$xSL Diritto e Scienze Sociali 3$y79$m323. 44 PACVI 1$j129197$qDDC 21$B128282$CPULBib$Z2$F128282 $H108095 $82 852 $aPUL$W1$xDP1 Fondo G. Barberini$y122$m3 H 30$j166800$b2 copia$qFondi$B180151$CPULBib$Z2$F180151 $HBar1054 $82 941 1 $a9 941 1 $a1 996 $6020$a88-14-13367-0$9(OLS)http://pul/number/138606 996 $6245$aI delitti contro le confessioni religiose dopo la legge 24 febbraio 2006, n. 85 :$bproblemi e prospettive di comparazione$9(OLS)http://pul/title/142055 996 $6260$aMilano :$bA. Giuffrè$9(OLS)http://pul/publisher/48096 LEADER 01235nam a2200265 a 4500 001 000000111163 003 CaOOAMICUS 005 20080414130316.0 008 080414s2008 it 000 0 ita d 020 $z978-88-10-21124-3* 040 $aPUL$bita$dLDB 100 1 $aBizzeti, Paolo.$0(OLS)http://pul/name/12358 245 10$aFino ai confini estremi :$bmeditazioni sugli Atti degli apostoli /$cPaolo Bizzeti. 260 $aBologna :$bEdizioni Dehoniane,$c2008. 300 $a430 p. ;$c21 cm. 490 1 $aLettura pastorale della Bibbia.$aBibbia e spiritualità ;$v032 504 $aBibliografia: p. 421. 630 04$aBiblia.$pN.T.$pActus apostolorum$xCommenti.$0(OLS)http://pul/subject/10480 830 0$aLettura pastorale della Bibbia.$pBibbia e spiritualità ;$v032.$0(OLS)http://pul/title/65095 850 $aPUL 852 $aPUL$W1$xSL Religione 3$y85$m226 BIZPA 1$j127443$qDDC 21$B126140$CPULBib$Z2$F126140 $H106948 $82 941 1 $a9 996 $6020$z978-88-10-21124-3*$9(OLS)http://pul/number/137702 996 $6245$aFino ai confini estremi :$bmeditazioni sugli Atti degli apostoli$9(OLS)http://pul/title/139763 996 $6260$aBologna :$bEdizioni Dehoniane$9(OLS)http://pul/publisher/48070